10 państw europejskich z najwyższymi punktami - Statystyki

Ogólne statystyki
  • Ten quiz został rozwiązany 5 304 razy
  • Średni wynik to 8 z 10
Statystyki odpowiedzi
Metry Państwo % Poprawnych
4 810 Włochy
98%
4 810 Francja
97%
4 634 Szwajcaria
96%
3 479 Hiszpania
94%
3 798 Austria
93%
2 962 Niemcy
92%
5 642 Rosja
92%
2 919 Grecja
73%
2 942 Andora
57%
2 925 Bułgaria
50%
Nie znaleziono quizów pasujących do podanych kryteriów
Rozkład punktacji
Procent ludzi z każdym wynikiem
Percentyl według liczby udzielonych odpowiedzi
Twoja historia wyników
Nie rozwiązałeś tego quizu